Injection Mold Design Engineering / (Record no. 564673)

000 -LEADER
fixed length control field 00367nam a2200133Ia 4500
008 - FIXED-LENGTH DATA ELEMENTS--GENERAL INFORMATION
fixed length control field 210430s9999 xx 000 0 und d
020 ## - INTERNATIONAL STANDARD BOOK NUMBER
International Standard Book Number 978-1-56990-417-6
082 ## - DEWEY DECIMAL CLASSIFICATION NUMBER
Classification number 665.412 K237 I
100 ## - MAIN ENTRY--PERSONAL NAME
Personal name David O. Kazmer
9 (RLIN) 54192
245 ## - TITLE STATEMENT
Title Injection Mold Design Engineering /
Statement of responsibility, etc. David O. Kazmer
260 ## - PUBLICATION, DISTRIBUTION, ETC.
Place of publication, distribution, etc. Germanay
Name of publisher, distributor, etc. Hanser
Date of publication, distribution, etc. 2007
300 ## - PHYSICAL DESCRIPTION
Extent 423p
942 ## - ADDED ENTRY ELEMENTS (KOHA)
Koha item type Book
Source of classification or shelving scheme
Holdings
Withdrawn status Lost status Damaged status Not for loan Collection code Permanent Location Current Location Shelving location Date acquired Total Checkouts Full call number Barcode Date last seen Price effective from Koha item type
          School of Chemical & Materials Engineering (SCME) School of Chemical & Materials Engineering (SCME) General Stacks 07/11/2012   665.412 K237 I SCME-3893 04/30/2021 04/30/2021 Book
© 2023 Central Library, National University of Sciences and Technology. All Rights Reserved.